|
|
|
|
| LEADER |
00000cam a2200000 7i4500 |
| 001 |
0000005567 |
| 005 |
20220105104012.0 |
| 008 |
070808 |
| 020 |
|
|
|a 9830532372(set)
|
| 020 |
|
|
|a 9830532437
|
| 090 |
0 |
0 |
|a JP
|b SC ENG (5767)
|
| 100 |
0 |
|
|a Farah Syuhada
|
| 245 |
1 |
0 |
|a Nadia goes to the seaside
|c Farah Syuhada
|
| 260 |
|
|
|a Kuala Lumpur :
|b Prinsip ,
|c 2004
|
| 440 |
|
0 |
|a Science stories series
|
| 500 |
|
|
|a Children age 4-6 years old (yellow)
|
| 650 |
|
0 |
|a Junior preschool
|x English
|x Languages
|
| 650 |
|
0 |
|a Science
|
| 710 |
0 |
|
|a Title
|
| 999 |
|
|
|a 0000980606
|b Book
|c Children Collection
|e Cawangan Muar
|
| 999 |
|
|
|a 0000980607
|b Book
|c Children Collection
|e Cawangan Bukit Gambir
|
| 999 |
|
|
|a 0000980608
|b Book
|c Children Collection
|e Perbadanan Perpustakaan Awam Johor
|
| 999 |
|
|
|a 0000980609
|b Book
|c Children Collection
|e Perbadanan Perpustakaan Awam Johor
|
| 999 |
|
|
|a 0000980610
|b Book
|c Children Collection
|e Perbadanan Perpustakaan Awam Johor
|